TENSORS: MATHEMATICS OF DIFFERENTIAL (Record no. 10116)

MARC details
000 -LEADER
fixed length control field 00288nam a22001337a 4500
003 - CONTROL NUMBER IDENTIFIER
control field SGT
082 ## - DEWEY DECIMAL CLASSIFICATION NUMBER
Classification number AHS 275
100 ## - MAIN ENTRY--PERSONAL NAME
Personal name AHSAN,ZAFAR
245 ## - TITLE STATEMENT
Title TENSORS: MATHEMATICS OF DIFFERENTIAL
260 ## - PUBLICATION, DISTRIBUTION, ETC. (IMPRINT)
Place of publication, distribution, etc NEW DELHI
Name of publisher, distributor, etc PHI
Year of Publication 2015
300 ## - PAGE DESCRIPTION
No. of Pages 232
650 ## - SUBJECT ADDED ENTRY--TOPICAL TERM
Topical term or geographic name as entry element MATHEMATICS
942 ## - ADDED ENTRY ELEMENTS (KOHA)
Source of classification or shelving scheme Dewey Decimal Classification
Koha item type FPS Books
Holdings
Withdrawn status Lost status Source of classification or shelving scheme Damaged status Not for loan Collection code Home library Current library Shelving location Date acquired Vendor Name Cost, normal purchase price SGTU Bill Number Total Checkouts Full call number Accession No. (Barcode) Date last seen Bill Date Koha item type
    Dewey Decimal Classification     SCIENCE SGT Science & Social Sciences Library SGT Science & Social Sciences Library Text Book 05/12/2016 UNIVERSAL BOOK 275.00 SGTU 377   AHS 275 PS3163 05/12/2016 20/10/2016 FPS Books
    Dewey Decimal Classification     SCIENCE SGT Science & Social Sciences Library SGT Science & Social Sciences Library Text Book 05/12/2016 UNIVERSAL BOOK 275.00 SGTU 377   AHS 275 PS3164 05/12/2016 20/10/2016 FPS Books
    Dewey Decimal Classification     SCIENCE SGT Science & Social Sciences Library SGT Science & Social Sciences Library Text Book 05/12/2016 UNIVERSAL BOOK 275.00 SGTU 377   AHS 275 PS3165 05/12/2016 20/10/2016 FPS Books